00545pab a2200169 454500008004000000100002000040245008400060260000900144300001200153362000800165650001700173700002000190773003200210909001000242999001700252952010600269180718b1998 xxu||||| |||| 00| 0 eng d aChen Miao-Sheng aThe study of dynamic demand function and continuous optimal price control model c1998 ap.65-80 aJul aPrice policy aChen Chuan-Biau aIndian Journal of Economics a40286 c40286d40286 00104070aIIPAbIIPAd2018-07-19hVolume no: 79, Issue no: 312pAR40661r2018-07-19w2018-07-19yAR